Welcome to the Holygrace Academy Library

Please use search bar below to get started

THE WORD EATER (Record no. 5643)

MARC details
000 -LEADER
fixed length control field 00319nam a22001457a 4500
020 ## - INTERNATIONAL STANDARD BOOK NUMBER
ISBN 0-439-34360-7
082 ## - DEWEY DECIMAL CLASSIFICATION NUMBER
Classification number 823
Item number AMA/W
100 ## - MAIN ENTRY--AUTHOR NAME
Personal name AMATO, MARY
245 ## - TITLE STATEMENT
Title THE WORD EATER
260 ## - PUBLICATION, DISTRIBUTION, ETC. (IMPRINT)
Place of publication NEW YORK
Name of publisher SCHOLASTIC INC
Year of publication 2000
300 ## - PHYSICAL DESCRIPTION
Number of Pages 150
520 ## - SUMMARY, ETC.
Summary, etc CHILDRENS STORY
650 ## - SUBJECT ADDED ENTRY--TOPICAL TERM
Topical Term CHILDRENS STORY
942 ## - ADDED ENTRY ELEMENTS (KOHA)
Koha item type Books
Holdings
Withdrawn status Lost status Collection code Home library Current library Shelving location Date acquired Source of acquisition Full call number Accession Number Koha item type
    Fiction Main Library Main Library SHELF 15-I-CHILDREN'S STORYBOOKS 18/06/2012 Purchase 823 AMA/W 06396 Books